| 000 | 00624nam a2200181Ia 4500 | ||
|---|---|---|---|
| 008 | 100917s9999 xx 000 0 und d | ||
| 082 | _b44528 | ||
| 100 | _aगोखले गो. सी. | ||
| 245 | _aज्ञानसागरातील शिंपले भा 2रा | ||
| 260 |
_bयशवंत प्रकाशन _c1975 |
||
| 300 | _a224 | ||
| 365 | _b5 | ||
| 520 | _aकथा | ||
| 630 | _aज्ञानसागरातील शिंपले भा 2रा | ||
| 650 | _aकथा | ||
| 730 | _aज्ञानसागरातील शिंपले भा 2रा | ||
| 942 | _cBOOK | ||
| 999 |
_c649922 _d649919 |
||